Statistics for MLB Baseball 40-40 Club

Click here to take the quiz!

General Stats

  • This quiz has been taken 4,602 times
  • The average score is 3 of 5

Answer Stats

YearHRSBPlayer% Correct
20234173Ronald Acuña Jr.
82%
19964240Barry Bonds
74%
19984246Alex Rodriguez
58%
19884240José Canseco
51%
20064641Alfonso Soriano
38%

Score Distribution

Percentile by Number Answered

Percent of People with Each Score

Your Score History

You have not taken this quiz